000 01320cam a2200373 a 4500
001 9044675
003 OSt
005 20150408114154.0
008 110822s2012 enka b 001 0 eng d
020 _a9781848167698
020 _a1848167695
020 _a9781848167704 (pbk.)
020 _a1848167709 (pbk.)
024 _a99944950944
035 _a(OCoLC)751836211
035 _a(OCoLC)ocn751836211
035 _a(NNC)9044675
040 _aUKMGB
_cUKMGB
_dYDXCP
_dNhCcYBP
050 4 _aQC173.98
_b.S75 2012
082 0 4 _a530.1209
_223
_bSEQ
100 1 _aSteward, E. G.
_q(Edward G.),
_d1923-
_940429
245 1 0 _aQuantum mechanics :
_bits early development and the road to entanglement and beyond /
_cEdward G. Steward ; with a contribution by Sara M. McMurry.
250 _aNew enl. ed., 2nd ed.
260 _aLondon :
_bImperial College Press ;
_aSingapore ;
_aHackensack, NJ :
_bDistributed by World Scientific Pub. Co.,
_cc2012.
300 _axxiii, 315 p. :
_bill. ;
_c24 cm.
500 _aPrevious ed.: London: Imperial College Press, 2008.
504 _aIncludes bibliographical references and index.
650 0 _aQuantum theory
_xHistory.
_940430
650 0 _aQuantum theory.
700 1 _aMcMurry, Sara M.
_940431
942 _2ddc
_cDVD
948 1 _a20111207
_bc
_cjeb52
_dMPS
999 _c32332
_d266832